Countries bigger than japan-sudden death - Statistics

General Stats
  • This quiz has been taken 22 times
    21 since last reset
  • The average score is 3 of 13
Answers on the Grid
Answers color-coded by a green-red scale on the quiz's grid according to % correct below.
Zimbabwe
Republic of the Congo
Morocco
Paraguay
Ecuador
Germany
Finland
Sweden
Phillippines
Turkmenistan
Papua New Guinea
Italy
Malaysia
Poland
Spain
Vietnam
Norway
Uzbekistan
Iraq
Cameroon
Oman
Madagascar
Yemen
Ivory Coast
 
Answer Stats
Answer % Correct
Sweden
56%
Morocco
44%
Zimbabwe
31%
Iraq
25%
Paraguay
25%
Spain
25%
Madagascar
19%
Papua New Guinea
19%
Turkmenistan
19%
Uzbekistan
13%
Yemen
13%
Cameroon
6%
Ivory Coast
6%
No matching quizzes found
Score Distribution
Percent of People with Each Score
Percentile by Number Answered
Your Score History
You have not taken this quiz since the last reset